LIBRARY & INFORMATION CENTRE, KCAET, TAVANUR

ONLINE PUBLIC ACCESS CATALOGUE (OPAC)

Basic equations of engineering science / (Record no. 10139)

MARC details
000 -LEADER
fixed length control field 00574cam a2200205ua 4500
020 ## - INTERNATIONAL STANDARD BOOK NUMBER
ISBN 07-031109-9
041 ## - LANGUAGE CODE
Language code of text/sound track or separate title eng
082 ## - DEWEY DECIMAL CLASSIFICATION NUMBER
Classification number 512.94
Item number HUG/BA
100 ## - MAIN ENTRY--AUTHOR NAME
Personal name Hughes, William F .
245 ## - TITLE STATEMENT
Title Basic equations of engineering science /
250 ## - EDITION STATEMENT
Edition statement 1 /
260 ## - PUBLICATION, DISTRIBUTION, ETC. (IMPRINT)
Place of publication New York :
Name of publisher McGraw Hill Book Company ,
Year of publication 1964.
300 ## - PHYSICAL DESCRIPTION
Number of Pages 163 ; .
490 0# - SERIES STATEMENT
Series statement Schamu`s outline series,
Volume number/sequential designation
700 1# - ADDED ENTRY--PERSONAL NAME
Personal name Gaylord , Eber W .
942 ## - ADDED ENTRY ELEMENTS (KOHA)
Koha item type Books
Holdings
Withdrawn status Lost status Damaged status Home library Current library Date acquired Full call number Accession Number Koha item type
      KAUAET KAUAET 20/08/1986 512.94 15463 Books
free website counter